Statistics for Disney Female Leads

Click here to take the quiz!

General Stats

  • This quiz has been taken 24 times
  • The average score is 15 of 24

Answer Stats

HintAnswer% Correct
____ _____ and the Seven DwarfsSnow White
100%
FrozenAnna
90%
The Little MermaidAriel
90%
Beauty and the BeastBelle
90%
AladdinJasmine
90%
TangledRapunzel
90%
Sleeping BeautyAurora
86%
TarzanJane
86%
BraveMerida
81%
Princess and the FrogTiana
81%
__________Cinderella
76%
_____Mulan
71%
____ and the Last DragonRaya
62%
EncantoMirabel
57%
Wreck-It RalphVanellope
57%
Robin HoodLady Marian
52%
HerculesMegara
52%
__________Pocahontas
52%
The Hunchback of Notre DameEsmeralda
48%
_____Moana
38%
Atlantis: The Lost EmpireKida
33%
ElementalEmber
24%
The Emperor's New GrooveChicha
19%
The Black CauldronEilonwy
14%

Score Distribution

Percentile by Number Answered

Percent of People with Each Score

Your Score History

You have not taken this quiz